[Event "DEM U18 2021"]
[Site "Willingen GER"]
[Date "2021.08.26"]
[Round "6"]
[White "Woelk, Tom-Frederic"]
[Black "Popist, Florian"]
[Result "1-0"]
[Termination "normal"]
[Board "5"]
[WhiteTitle "FM"]
[WhiteElo "2314"]
[BlackElo "2077"]
[WhiteClock "00:11:59"]
[BlackClock "00:00:36"]
[PlyCount "67"]
[WhiteFideId "12993077"]
[BlackFideId "16203518"]
[EventCountry "GER"]
[EventRounds "9"]
[EventType "swiss"]
[EventDate "2021.08.22"]

1. d4 {[%clk 1:30:56]} d5 {[%clk 1:30:56]} 2. c4 {[%clk 1:31:11]} e6 {[%clk
1:31:21]} 3. Nc3 {[%clk 1:31:39]} Be7 {[%clk 1:31:43]} 4. cxd5 {[%clk 1:27:26]}
exd5 {[%clk 1:32:07]} 5. Bf4 {[%clk 1:27:49]} c6 {[%clk 1:32:31]} 6. e3 {[%clk
1:28:16]} Bf5 {[%clk 1:29:37]} 7. g4 {[%clk 1:26:46]} Be6 {[%clk 1:30:06]} 8.
h4 {[%clk 1:27:15]} Nd7 {[%clk 1:30:26]} 9. h5 {[%clk 1:27:39]} Nh6 {[%clk
1:30:22]} 10. Be2 {[%clk 1:09:38]} Nb6 {[%clk 1:23:11]} 11. Nh3 {[%clk
1:08:16]} Nc4 {[%clk 1:14:40]} 12. Bxc4 {[%clk 1:07:47]} dxc4 {[%clk 1:15:07]}
13. Bxh6 {[%clk 1:08:11]} gxh6 {[%clk 1:15:25]} 14. Nf4 {[%clk 1:08:39]} Bd7
{[%clk 1:07:59]} 15. Qe2 {[%clk 0:59:23]} Bd6 {[%clk 1:02:20]} 16. O-O-O {[%clk
0:56:18]} Qc7 {[%clk 0:55:12]} 17. Ng2 {[%clk 0:49:19]} O-O-O {[%clk 0:52:59]}
18. e4 {[%clk 0:42:15]} b5 {[%clk 0:48:07]} 19. e5 {[%clk 0:35:39]} Bb4 {[%clk
0:47:22]} 20. Ne4 {[%clk 0:35:17]} Qa5 {[%clk 0:41:52]} 21. Kb1 {[%clk
0:35:01]} Kc7 {[%clk 0:30:39]} 22. Nf4 {[%clk 0:34:37]} c3 {[%clk 0:20:44]} 23.
d5 {[%clk 0:30:00]} cxb2 {[%clk 0:14:41]} 24. e6 {[%clk 0:24:22]} fxe6 {[%clk
0:14:37]} 25. dxe6 {[%clk 0:24:46]} Bc8 {[%clk 0:14:39]} 26. Ng3 {[%clk
0:20:18]} Be7 {[%clk 0:09:44]} 27. Nf5 {[%clk 0:14:59]} Bf6 {[%clk 0:04:40]}
28. e7 {[%clk 0:14:10]} Bxf5+ {[%clk 0:03:36]} 29. gxf5 {[%clk 0:14:37]} Rxd1+
{[%clk 0:02:59]} 30. Rxd1 {[%clk 0:14:36]} b4 {[%clk 0:02:48]} 31. e8=Q {[%clk
0:12:50]} Rxe8 {[%clk 0:03:01]} 32. Qxe8 {[%clk 0:13:12]} Qxf5+ {[%clk
0:00:47]} 33. Nd3 {[%clk 0:13:36]} Bc3 {[%clk 0:00:36]} 34. Qe3 {[%clk
0:11:59]} 1-0

[Event "DEM U18 2021"]
[Site "Willingen GER"]
[Date "2021.08.26"]
[Round "6"]
[White "Hofmann, Lorenz"]
[Black "Wachinger, Nikolas"]
[Result "0-1"]
[Termination "normal"]
[Board "7"]
[WhiteElo "2071"]
[BlackElo "2361"]
[WhiteClock "00:24:50"]
[BlackClock "00:35:18"]
[PlyCount "103"]
[WhiteFideId "12995509"]
[BlackFideId "12962791"]
[EventCountry "GER"]
[EventRounds "9"]
[EventType "swiss"]
[EventDate "2021.08.22"]

1. e4 {[%clk 1:30:58]} c5 {[%clk 1:30:52]} 2. Nc3 {[%clk 1:31:24]} a6 {[%clk
1:31:15]} 3. Nge2 {[%clk 1:31:49]} b5 {[%clk 1:31:35]} 4. g3 {[%clk 1:31:16]}
Bb7 {[%clk 1:31:23]} 5. Bg2 {[%clk 1:31:20]} Nf6 {[%clk 1:30:28]} 6. O-O {[%clk
1:28:29]} e6 {[%clk 1:29:48]} 7. e5 {[%clk 1:06:56]} Bxg2 {[%clk 1:29:06]} 8.
Kxg2 {[%clk 1:05:32]} Ng4 {[%clk 1:28:33]} 9. d4 {[%clk 1:02:59]} cxd4 {[%clk
1:11:19]} 10. Qxd4 {[%clk 1:03:03]} h5 {[%clk 1:11:41]} 11. Bf4 {[%clk
0:37:07]} Nc6 {[%clk 1:10:24]} 12. Qe4 {[%clk 0:37:22]} b4 {[%clk 1:03:32]} 13.
f3 {[%clk 0:34:32]} Ngxe5 {[%clk 0:50:41]} 14. Bxe5 {[%clk 0:33:49]} Nxe5
{[%clk 0:51:01]} 15. Qxe5 {[%clk 0:34:13]} bxc3 {[%clk 0:51:26]} 16. Nxc3
{[%clk 0:33:33]} Rc8 {[%clk 0:50:30]} 17. Rf2 {[%clk 0:31:50]} h4 {[%clk
0:47:49]} 18. Ne4 {[%clk 0:29:08]} d6 {[%clk 0:45:05]} 19. Qd4 {[%clk 0:28:33]}
d5 {[%clk 0:45:05]} 20. Rd1 {[%clk 0:23:41]} Qc7 {[%clk 0:26:13]} 21. Qa4+
{[%clk 0:21:25]} Qc6 {[%clk 0:24:07]} 22. Nc3 {[%clk 0:20:13]} Qxa4 {[%clk
0:17:52]} 23. Nxa4 {[%clk 0:20:42]} Be7 {[%clk 0:17:57]} 24. f4 {[%clk
0:18:01]} Rc4 {[%clk 0:16:00]} 25. b3 {[%clk 0:17:11]} Rc6 {[%clk 0:16:12]} 26.
Re2 {[%clk 0:15:57]} O-O {[%clk 0:15:53]} 27. f5 {[%clk 0:14:01]} Rfc8 {[%clk
0:15:46]} 28. c3 {[%clk 0:13:50]} Bf6 {[%clk 0:15:50]} 29. Rdd2 {[%clk
0:13:20]} Rd8 {[%clk 0:15:25]} 30. fxe6 {[%clk 0:11:21]} fxe6 {[%clk 0:15:52]}
31. Rd3 {[%clk 0:08:00]} Kf7 {[%clk 0:13:46]} 32. g4 {[%clk 0:06:08]} e5 {[%clk
0:11:51]} 33. Red2 {[%clk 0:04:26]} d4 {[%clk 0:11:03]} 34. cxd4 {[%clk
0:04:25]} Rxd4 {[%clk 0:10:57]} 35. Rxd4 {[%clk 0:04:41]} exd4 {[%clk 0:11:23]}
36. Nb2 {[%clk 0:04:41]} Ke6 {[%clk 0:11:06]} 37. Nc4 {[%clk 0:04:06]} Kd5
{[%clk 0:11:06]} 38. Kf3 {[%clk 0:03:02]} Bg5 {[%clk 0:11:16]} 39. Rd1 {[%clk
0:03:15]} Rf6+ {[%clk 0:10:49]} 40. Ke2 {[%clk 0:03:26]} Ke4 {[%clk 0:10:58]}
41. Nb2 {[%clk 0:01:21]} Be3 {[%clk 0:06:55]} 42. Nd3 {[%clk 0:29:23]} Rc6
{[%clk 0:37:15]} 43. Ne1 {[%clk 0:28:43]} h3 {[%clk 0:37:27]} 44. b4 {[%clk
0:27:26]} Rg6 {[%clk 0:37:04]} 45. Nd3 {[%clk 0:26:36]} Rxg4 {[%clk 0:36:42]}
46. Nc5+ {[%clk 0:26:16]} Ke5 {[%clk 0:36:18]} 47. Kd3 {[%clk 0:26:00]} Rg2
{[%clk 0:36:15]} 48. Nxa6 {[%clk 0:25:39]} Rxh2 {[%clk 0:36:04]} 49. Kc4 {[%clk
0:25:26]} Rxa2 {[%clk 0:35:33]} 50. b5 {[%clk 0:24:58]} h2 {[%clk 0:35:00]} 51.
b6 {[%clk 0:24:50]} Rxa6 {[%clk 0:35:18]} 52. Kxd4+ 0-1

[Event "DEM U18 2021"]
[Site "Willingen GER"]
[Date "2021.08.26"]
[Round "6"]
[White "Zackrisson, Peter"]
[Black "Suvorov, Luca"]
[Result "0-1"]
[Termination "normal"]
[Board "8"]
[BlackTitle "FM"]
[WhiteElo "1965"]
[BlackElo "2292"]
[WhiteClock "00:07:30"]
[BlackClock "00:03:46"]
[PlyCount "94"]
[WhiteFideId "16282078"]
[BlackFideId "12977071"]
[EventCountry "GER"]
[EventRounds "9"]
[EventType "swiss"]
[EventDate "2021.08.22"]

1. e4 {[%clk 1:30:57]} e5 {[%clk 1:30:54]} 2. Nf3 {[%clk 1:31:18]} Nc6 {[%clk
1:31:17]} 3. Bb5 {[%clk 1:31:44]} a6 {[%clk 1:31:27]} 4. Ba4 {[%clk 1:32:06]}
Nf6 {[%clk 1:31:33]} 5. O-O {[%clk 1:32:26]} b5 {[%clk 1:30:50]} 6. Bb3 {[%clk
1:32:30]} Bc5 {[%clk 1:30:24]} 7. a4 {[%clk 1:31:45]} Rb8 {[%clk 1:30:43]} 8.
c3 {[%clk 1:31:39]} d6 {[%clk 1:16:36]} 9. d4 {[%clk 1:19:32]} exd4 {[%clk
1:14:25]} 10. cxd4 {[%clk 1:19:41]} Bb6 {[%clk 1:14:11]} 11. h3 {[%clk
1:10:05]} O-O {[%clk 1:06:55]} 12. Nc3 {[%clk 1:01:23]} b4 {[%clk 1:03:18]} 13.
Ne2 {[%clk 1:01:31]} h6 {[%clk 0:46:45]} 14. Ng3 {[%clk 1:00:46]} d5 {[%clk
0:26:29]} 15. e5 {[%clk 0:59:35]} Ne4 {[%clk 0:26:28]} 16. Qd3 {[%clk 0:53:30]}
Ne7 {[%clk 0:11:24]} 17. Rd1 {[%clk 0:39:11]} Nxg3 {[%clk 0:06:43]} 18. fxg3
{[%clk 0:39:30]} Bf5 {[%clk 0:04:34]} 19. Qxa6 {[%clk 0:38:35]} Be4 {[%clk
0:03:29]} 20. Qe2 {[%clk 0:37:50]} Nf5 {[%clk 0:02:56]} 21. Qf2 {[%clk
0:33:27]} f6 {[%clk 0:01:34]} 22. e6 {[%clk 0:08:36]} Qe7 {[%clk 0:00:57]} 23.
a5 {[%clk 0:05:48]} Ba7 {[%clk 0:00:58]} 24. g4 {[%clk 0:04:34]} Nd6 {[%clk
0:01:03]} 25. Bf4 {[%clk 0:04:27]} Qxe6 {[%clk 0:00:43]} 26. Rac1 {[%clk
0:04:29]} Qd7 {[%clk 0:00:46]} 27. Qg3 {[%clk 0:04:04]} Rbc8 {[%clk 0:00:37]}
28. Bxd6 {[%clk 0:03:50]} cxd6 {[%clk 0:00:37]} 29. Rxc8 {[%clk 0:04:02]} Rxc8
{[%clk 0:01:05]} 30. Qe1 {[%clk 0:04:21]} Kh8 {[%clk 0:00:38]} 31. Qxb4 {[%clk
0:04:12]} Rb8 {[%clk 0:00:43]} 32. Qc3 {[%clk 0:04:31]} Qb5 {[%clk 0:00:37]}
33. Nd2 {[%clk 0:04:50]} Bg6 {[%clk 0:00:34]} 34. Kh1 {[%clk 0:03:06]} Qb7
{[%clk 0:00:33]} 35. Rc1 {[%clk 0:02:46]} Kh7 {[%clk 0:00:31]} 36. Bc2 {[%clk
0:02:57]} Be4 {[%clk 0:00:35]} 37. b3 {[%clk 0:03:03]} f5 {[%clk 0:00:36]} 38.
Qe3 {[%clk 0:01:45]} Qb4 {[%clk 0:00:33]} 39. Bxe4 {[%clk 0:01:26]} fxe4 {[%clk
0:00:47]} 40. Qf4 {[%clk 0:00:49]} Qxd4 {[%clk 0:00:37]} 41. g5 {[%clk
0:19:30]} Qe5 {[%clk 0:20:48]} 42. Qxe5 {[%clk 0:07:34]} dxe5 {[%clk 0:21:12]}
43. Rb1 {[%clk 0:07:45]} Rb4 {[%clk 0:04:42]} 44. g3 {[%clk 0:07:25]} hxg5
{[%clk 0:04:29]} 45. Kg2 {[%clk 0:07:25]} Kg6 {[%clk 0:03:35]} 46. Kf1 {[%clk
0:07:28]} g4 {[%clk 0:03:28]} 47. h4 {[%clk 0:07:30]} e3 {[%clk 0:03:46]} 0-1

[Event "DEM U18 2021"]
[Site "Willingen GER"]
[Date "2021.08.26"]
[Round "6"]
[White "Stork, Oliver"]
[Black "Post, Hugo"]
[Result "0-1"]
[Termination "normal"]
[Board "9"]
[WhiteTitle "FM"]
[WhiteElo "2365"]
[BlackElo "2245"]
[WhiteClock "00:13:01"]
[BlackClock "00:11:03"]
[PlyCount "70"]
[WhiteFideId "12955728"]
[BlackFideId "12962490"]
[EventCountry "GER"]
[EventRounds "9"]
[EventType "swiss"]
[EventDate "2021.08.22"]

1. c4 {[%clk 1:30:54]} e5 {[%clk 1:30:54]} 2. Nc3 {[%clk 1:31:18]} Bb4 {[%clk
1:31:20]} 3. Nd5 {[%clk 1:31:30]} Bc5 {[%clk 1:31:44]} 4. Nf3 {[%clk 1:31:46]}
c6 {[%clk 1:32:05]} 5. Nc3 {[%clk 1:32:09]} d6 {[%clk 1:32:28]} 6. e3 {[%clk
1:32:15]} Bb4 {[%clk 1:32:44]} 7. d4 {[%clk 1:29:33]} e4 {[%clk 1:33:07]} 8.
Nd2 {[%clk 1:29:42]} Bxc3 {[%clk 1:32:46]} 9. bxc3 {[%clk 1:30:05]} Nf6 {[%clk
1:33:09]} 10. Qc2 {[%clk 1:19:45]} Qe7 {[%clk 1:32:21]} 11. Be2 {[%clk
1:20:01]} O-O {[%clk 1:31:37]} 12. O-O {[%clk 1:20:22]} Re8 {[%clk 1:31:12]}
13. a4 {[%clk 1:15:01]} Nbd7 {[%clk 1:20:40]} 14. Ba3 {[%clk 1:13:07]} Nf8
{[%clk 1:19:39]} 15. c5 {[%clk 1:03:17]} d5 {[%clk 1:19:15]} 16. c4 {[%clk
1:03:39]} Ng6 {[%clk 0:59:56]} 17. Rab1 {[%clk 0:55:30]} Qe6 {[%clk 0:52:47]}
18. Rb3 {[%clk 0:42:40]} Nh4 {[%clk 0:38:40]} 19. f3 {[%clk 0:29:10]} Qf5
{[%clk 0:36:52]} 20. fxe4 {[%clk 0:24:29]} Qg6 {[%clk 0:32:08]} 21. g3 {[%clk
0:22:30]} dxe4 {[%clk 0:32:31]} 22. Rf4 {[%clk 0:21:32]} Nf5 {[%clk 0:29:42]}
23. Nxe4 {[%clk 0:21:00]} Rxe4 {[%clk 0:29:40]} 24. Rxe4 {[%clk 0:20:48]} Nxg3
{[%clk 0:29:39]} 25. hxg3 {[%clk 0:19:43]} Qxg3+ {[%clk 0:29:42]} 26. Kh1
{[%clk 0:20:08]} Qh3+ {[%clk 0:13:16]} 27. Kg1 {[%clk 0:20:30]} Qg3+ {[%clk
0:13:44]} 28. Kh1 {[%clk 0:20:55]} Qe1+ {[%clk 0:13:31]} 29. Kg2 {[%clk
0:20:38]} Nxe4 {[%clk 0:13:56]} 30. Qxe4 {[%clk 0:20:31]} Qxe2+ {[%clk
0:14:20]} 31. Kg3 {[%clk 0:19:57]} h5 {[%clk 0:10:19]} 32. d5 {[%clk 0:12:58]}
h4+ {[%clk 0:09:56]} 33. Kf4 {[%clk 0:12:26]} Qf2+ {[%clk 0:10:11]} 34. Qf3
{[%clk 0:12:46]} g5+ {[%clk 0:10:37]} 35. Ke4 {[%clk 0:13:01]} f5+ {[%clk
0:11:03]} 0-1

[Event "DEM U18 2021"]
[Site "Willingen GER"]
[Date "2021.08.26"]
[Round "6"]
[White "Khachatryan, Taron"]
[Black "Geltz, Noah"]
[Result "0-1"]
[Termination "normal"]
[Board "10"]
[WhiteElo "2065"]
[BlackElo "2048"]
[WhiteClock "00:07:36"]
[BlackClock "00:04:17"]
[PlyCount "98"]
[WhiteFideId "16216598"]
[BlackFideId "16224256"]
[EventCountry "GER"]
[EventRounds "9"]
[EventType "swiss"]
[EventDate "2021.08.22"]

1. Nf3 {[%clk 1:30:49]} Nf6 {[%clk 1:30:53]} 2. c4 {[%clk 1:31:10]} g6 {[%clk
1:30:33]} 3. Nc3 {[%clk 1:30:36]} Bg7 {[%clk 1:29:34]} 4. e4 {[%clk 1:30:48]}
d6 {[%clk 1:28:19]} 5. d4 {[%clk 1:31:07]} O-O {[%clk 1:27:13]} 6. Be2 {[%clk
1:31:30]} e5 {[%clk 1:25:32]} 7. dxe5 {[%clk 1:31:54]} dxe5 {[%clk 1:25:56]} 8.
Qxd8 {[%clk 1:32:12]} Rxd8 {[%clk 1:26:18]} 9. Bg5 {[%clk 1:32:39]} Nbd7 {[%clk
1:23:39]} 10. O-O-O {[%clk 1:31:51]} Rf8 {[%clk 1:14:46]} 11. Nd2 {[%clk
1:26:09]} Nc5 {[%clk 1:04:34]} 12. Be3 {[%clk 1:26:03]} Ne6 {[%clk 1:04:26]}
13. g3 {[%clk 1:24:50]} c5 {[%clk 0:52:18]} 14. f3 {[%clk 1:17:10]} Nd4 {[%clk
0:50:08]} 15. g4 {[%clk 1:15:12]} Be6 {[%clk 0:45:37]} 16. Rde1 {[%clk
1:14:45]} Nd7 {[%clk 0:43:32]} 17. h4 {[%clk 1:13:08]} h6 {[%clk 0:38:38]} 18.
Reg1 {[%clk 1:12:03]} Kh7 {[%clk 0:37:07]} 19. Bd3 {[%clk 1:11:05]} a6 {[%clk
0:34:56]} 20. Nd5 {[%clk 1:07:20]} b5 {[%clk 0:31:58]} 21. Rf1 {[%clk 1:01:26]}
Rab8 {[%clk 0:27:32]} 22. b3 {[%clk 1:00:27]} Nb6 {[%clk 0:25:46]} 23. Nxb6
{[%clk 0:54:02]} Rxb6 {[%clk 0:26:11]} 24. Bxd4 {[%clk 0:54:09]} cxd4 {[%clk
0:24:53]} 25. Kd1 {[%clk 0:54:09]} Rc8 {[%clk 0:22:55]} 26. Ke2 {[%clk
0:54:25]} b4 {[%clk 0:21:15]} 27. Rc1 {[%clk 0:52:04]} Rc5 {[%clk 0:21:37]} 28.
Ra1 {[%clk 0:50:59]} Ra5 {[%clk 0:20:19]} 29. h5 {[%clk 0:50:37]} Bf6 {[%clk
0:16:59]} 30. c5 {[%clk 0:44:08]} Rxc5 {[%clk 0:15:25]} 31. Nc4 {[%clk
0:43:10]} Rbc6 {[%clk 0:15:20]} 32. Rac1 {[%clk 0:40:56]} Kg7 {[%clk 0:13:55]}
33. Rc2 {[%clk 0:40:53]} Bg5 {[%clk 0:13:38]} 34. Rh3 {[%clk 0:39:55]} a5
{[%clk 0:12:36]} 35. Kd1 {[%clk 0:35:03]} a4 {[%clk 0:12:05]} 36. hxg6 {[%clk
0:33:57]} fxg6 {[%clk 0:11:51]} 37. Rhh2 {[%clk 0:34:04]} Bf4 {[%clk 0:11:30]}
38. Rhg2 {[%clk 0:34:15]} Rc7 {[%clk 0:10:21]} 39. Rg1 {[%clk 0:16:49]} Bxc4
{[%clk 0:06:29]} 40. bxc4 {[%clk 0:07:33]} b3 {[%clk 0:06:03]} 41. axb3 {[%clk
0:07:35]} axb3 {[%clk 0:05:51]} 42. Rb2 {[%clk 0:08:02]} Rxc4 {[%clk 0:03:16]}
43. Bxc4 {[%clk 0:08:28]} Rxc4 {[%clk 0:03:42]} 44. Rb1 {[%clk 0:05:48]} b2
{[%clk 0:03:29]} 45. Ke2 {[%clk 0:06:01]} Rc2+ {[%clk 0:03:46]} 46. Kd3 {[%clk
0:06:25]} Rc3+ {[%clk 0:04:12]} 47. Ke2 {[%clk 0:06:50]} d3+ {[%clk 0:04:36]}
48. Kf2 {[%clk 0:07:12]} Rc2+ {[%clk 0:04:00]} 49. Ke1 {[%clk 0:07:36]} Be3
{[%clk 0:04:17]} 0-1

[Event "DEM U18 2021"]
[Site "Willingen GER"]
[Date "2021.08.26"]
[Round "6"]
[White "Biermann, Lenhard"]
[Black "Schmitt, Daniel"]
[Result "1/2-1/2"]
[Termination "normal"]
[Board "11"]
[WhiteElo "2160"]
[BlackElo "1966"]
[WhiteClock "00:09:09"]
[BlackClock "00:01:21"]
[PlyCount "64"]
[WhiteFideId "12970077"]
[BlackFideId "16279018"]
[EventCountry "GER"]
[EventRounds "9"]
[EventType "swiss"]
[EventDate "2021.08.22"]

1. d4 {[%clk 1:30:58]} d5 {[%clk 1:30:54]} 2. c4 {[%clk 1:31:24]} e6 {[%clk
1:31:18]} 3. Nf3 {[%clk 1:31:51]} Nf6 {[%clk 1:31:38]} 4. g3 {[%clk 1:32:18]}
Bb4+ {[%clk 1:32:01]} 5. Bd2 {[%clk 1:31:55]} Be7 {[%clk 1:32:23]} 6. Qc2
{[%clk 1:29:34]} O-O {[%clk 1:32:28]} 7. Bg2 {[%clk 1:29:58]} Nbd7 {[%clk
1:32:22]} 8. O-O {[%clk 1:29:34]} c6 {[%clk 1:31:45]} 9. Bf4 {[%clk 1:23:20]}
b6 {[%clk 1:29:11]} 10. Nc3 {[%clk 1:22:00]} Bb7 {[%clk 1:25:33]} 11. Rfd1
{[%clk 1:15:46]} Nh5 {[%clk 1:14:26]} 12. Be3 {[%clk 1:14:46]} Nhf6 {[%clk
1:14:17]} 13. Bf4 {[%clk 0:58:49]} Nh5 {[%clk 1:14:32]} 14. Rac1 {[%clk
0:57:38]} Nxf4 {[%clk 1:13:50]} 15. gxf4 {[%clk 0:55:17]} Nf6 {[%clk 1:09:47]}
16. Ne5 {[%clk 0:54:13]} Nh5 {[%clk 1:00:55]} 17. e3 {[%clk 0:53:29]} g6 {[%clk
0:48:46]} 18. Qa4 {[%clk 0:48:56]} Qd6 {[%clk 0:45:06]} 19. cxd5 {[%clk
0:40:48]} exd5 {[%clk 0:44:07]} 20. Qb3 {[%clk 0:34:47]} Kg7 {[%clk 0:23:50]}
21. a4 {[%clk 0:34:19]} f6 {[%clk 0:19:18]} 22. Nd3 {[%clk 0:33:45]} Ba6 {[%clk
0:18:23]} 23. Ne2 {[%clk 0:30:27]} Rfc8 {[%clk 0:14:47]} 24. Rc3 {[%clk
0:23:23]} f5 {[%clk 0:11:50]} 25. Ng3 {[%clk 0:17:10]} Nxg3 {[%clk 0:07:15]}
26. hxg3 {[%clk 0:17:39]} Bxd3 {[%clk 0:06:19]} 27. Rcxd3 {[%clk 0:18:04]} Rc7
{[%clk 0:05:33]} 28. Rc3 {[%clk 0:18:24]} h5 {[%clk 0:05:21]} 29. Rdc1 {[%clk
0:18:09]} Rac8 {[%clk 0:05:09]} 30. Bf3 {[%clk 0:12:52]} h4 {[%clk 0:02:07]}
31. Kg2 {[%clk 0:13:12]} Bf6 {[%clk 0:01:17]} 32. R3c2 {[%clk 0:09:09]} Rd8
{[%clk 0:01:21]} 1/2-1/2

[Event "DEM U18 2021"]
[Site "Willingen GER"]
[Date "2021.08.26"]
[Round "6"]
[White "Lieberwirth, Kasimir"]
[Black "Mooser, Nicolas"]
[Result "1-0"]
[Termination "normal"]
[Board "12"]
[WhiteElo "2074"]
[BlackElo "2107"]
[WhiteClock "00:27:55"]
[BlackClock "00:17:49"]
[PlyCount "99"]
[WhiteFideId "12988146"]
[BlackFideId "12979406"]
[EventCountry "GER"]
[EventRounds "9"]
[EventType "swiss"]
[EventDate "2021.08.22"]

1. e4 {[%clk 1:30:59]} c5 {[%clk 1:30:53]} 2. Nf3 {[%clk 1:31:24]} e6 {[%clk
1:31:17]} 3. d4 {[%clk 1:31:51]} cxd4 {[%clk 1:31:39]} 4. Nxd4 {[%clk 1:32:20]}
Nc6 {[%clk 1:31:57]} 5. Nc3 {[%clk 1:32:30]} Qc7 {[%clk 1:32:21]} 6. Be3 {[%clk
1:32:55]} a6 {[%clk 1:32:36]} 7. Qf3 {[%clk 1:33:09]} Bd6 {[%clk 1:30:40]} 8.
O-O-O {[%clk 1:32:26]} Be5 {[%clk 1:30:26]} 9. Qe2 {[%clk 1:32:04]} Nge7 {[%clk
1:28:08]} 10. g3 {[%clk 1:30:38]} Rb8 {[%clk 1:24:00]} 11. f4 {[%clk 1:30:46]}
Bxd4 {[%clk 1:24:13]} 12. Bxd4 {[%clk 1:31:14]} Nxd4 {[%clk 1:24:34]} 13. Rxd4
{[%clk 1:31:42]} b5 {[%clk 1:24:43]} 14. Qd2 {[%clk 1:30:40]} O-O {[%clk
1:08:46]} 15. Bg2 {[%clk 1:29:29]} Nc6 {[%clk 0:55:31]} 16. Rd3 {[%clk
1:27:40]} Na5 {[%clk 0:51:04]} 17. b3 {[%clk 1:20:09]} Nb7 {[%clk 0:46:45]} 18.
e5 {[%clk 1:06:42]} Nc5 {[%clk 0:41:09]} 19. Rd4 {[%clk 1:04:13]} Bb7 {[%clk
0:25:29]} 20. Bxb7 {[%clk 1:03:02]} Qxb7 {[%clk 0:22:05]} 21. Re1 {[%clk
0:59:10]} Rfd8 {[%clk 0:21:26]} 22. b4 {[%clk 0:49:49]} Na4 {[%clk 0:21:29]}
23. Nxa4 {[%clk 0:50:18]} bxa4 {[%clk 0:21:49]} 24. Rd1 {[%clk 0:49:27]} g6
{[%clk 0:20:14]} 25. a3 {[%clk 0:46:55]} a5 {[%clk 0:03:29]} 26. Rxd7 {[%clk
0:39:35]} Rxd7 {[%clk 0:03:43]} 27. Qxd7 {[%clk 0:40:04]} Qb6 {[%clk 0:04:02]}
28. Qd4 {[%clk 0:37:45]} Qa6 {[%clk 0:03:05]} 29. Qd6 {[%clk 0:30:07]} Qb7
{[%clk 0:02:59]} 30. Qd7 {[%clk 0:22:56]} Qb6 {[%clk 0:03:26]} 31. Qd6 {[%clk
0:15:32]} Qb7 {[%clk 0:03:38]} 32. Rd4 {[%clk 0:14:07]} Qb5 {[%clk 0:02:44]}
33. c4 {[%clk 0:12:07]} Qb7 {[%clk 0:02:53]} 34. b5 {[%clk 0:11:41]} Kg7 {[%clk
0:02:39]} 35. Qc6 {[%clk 0:10:37]} Qxc6 {[%clk 0:00:34]} 36. bxc6 {[%clk
0:10:02]} Rc8 {[%clk 0:00:59]} 37. Rd6 {[%clk 0:09:54]} g5 {[%clk 0:01:14]} 38.
Kd2 {[%clk 0:06:20]} Kg6 {[%clk 0:01:10]} 39. Ke3 {[%clk 0:06:08]} Kf5 {[%clk
0:01:23]} 40. Kf3 {[%clk 0:05:22]} gxf4 {[%clk 0:01:11]} 41. gxf4 {[%clk
0:05:36]} h5 {[%clk 0:25:52]} 42. h3 {[%clk 0:33:22]} Rc7 {[%clk 0:21:51]} 43.
c5 {[%clk 0:32:33]} h4 {[%clk 0:20:18]} 44. Ke3 {[%clk 0:31:53]} Rc8 {[%clk
0:19:31]} 45. Rd7 {[%clk 0:31:25]} Rxc6 {[%clk 0:19:20]} 46. Rxf7+ {[%clk
0:31:33]} Kg6 {[%clk 0:19:46]} 47. Rf6+ {[%clk 0:31:42]} Kh5 {[%clk 0:18:37]}
48. Kd4 {[%clk 0:29:14]} Rc8 {[%clk 0:17:31]} 49. Rxe6 {[%clk 0:27:55]} Rd8+
{[%clk 0:17:49]} 50. Rd6 1-0

[Event "DEM U18 2021"]
[Site "Willingen GER"]
[Date "2021.08.26"]
[Round "6"]
[White "Bethke, Robert"]
[Black "Wander, Dennis"]
[Result "1-0"]
[Termination "normal"]
[Board "13"]
[WhiteElo "2100"]
[BlackElo "1610"]
[WhiteClock "01:22:16"]
[BlackClock "01:04:55"]
[PlyCount "69"]
[WhiteFideId "12959251"]
[BlackFideId "16276523"]
[EventCountry "GER"]
[EventRounds "9"]
[EventType "swiss"]
[EventDate "2021.08.22"]

1. c4 {[%clk 1:30:49]} c5 {[%clk 1:30:51]} 2. Nc3 {[%clk 1:31:15]} Nc6 {[%clk
1:31:12]} 3. g3 {[%clk 1:31:40]} g6 {[%clk 1:31:35]} 4. Bg2 {[%clk 1:32:08]}
Bg7 {[%clk 1:31:56]} 5. Nf3 {[%clk 1:32:34]} e6 {[%clk 1:32:08]} 6. e4 {[%clk
1:32:06]} Nge7 {[%clk 1:32:18]} 7. d3 {[%clk 1:32:32]} O-O {[%clk 1:31:48]} 8.
Be3 {[%clk 1:32:10]} b6 {[%clk 1:31:57]} 9. d4 {[%clk 1:32:05]} cxd4 {[%clk
1:31:25]} 10. Nxd4 {[%clk 1:32:26]} Bb7 {[%clk 1:31:09]} 11. O-O {[%clk
1:30:59]} Qc7 {[%clk 1:29:07]} 12. Ndb5 {[%clk 1:29:30]} Qd8 {[%clk 1:23:59]}
13. Nd6 {[%clk 1:24:41]} Ba6 {[%clk 1:24:02]} 14. Qa4 {[%clk 1:24:47]} Be5
{[%clk 1:23:27]} 15. Bh6 {[%clk 1:24:18]} Bxd6 {[%clk 1:22:27]} 16. Bxf8 {[%clk
1:24:42]} Qxf8 {[%clk 1:22:39]} 17. Qxa6 {[%clk 1:25:07]} Bc5 {[%clk 1:20:01]}
18. Qa4 {[%clk 1:25:09]} f5 {[%clk 1:17:53]} 19. exf5 {[%clk 1:25:07]} Qxf5
{[%clk 1:17:22]} 20. Rad1 {[%clk 1:24:57]} e5 {[%clk 1:17:00]} 21. Nd5 {[%clk
1:25:01]} Re8 {[%clk 1:12:39]} 22. Be4 {[%clk 1:23:37]} Qf7 {[%clk 1:08:03]}
23. Nxe7+ {[%clk 1:23:41]} Qxe7 {[%clk 1:08:24]} 24. Bd5+ {[%clk 1:23:56]} Kh8
{[%clk 1:08:11]} 25. Bxc6 {[%clk 1:24:15]} dxc6 {[%clk 1:08:35]} 26. Qxc6
{[%clk 1:24:36]} Bd4 {[%clk 1:08:23]} 27. Rd3 {[%clk 1:23:49]} Rf8 {[%clk
1:07:45]} 28. b3 {[%clk 1:23:09]} Qf7 {[%clk 1:07:45]} 29. Kg2 {[%clk 1:22:00]}
Qf5 {[%clk 1:07:38]} 30. Rf3 {[%clk 1:22:14]} Qc8 {[%clk 1:06:13]} 31. Qxc8
{[%clk 1:22:27]} Rxc8 {[%clk 1:06:38]} 32. a4 {[%clk 1:21:46]} Kg7 {[%clk
1:06:28]} 33. Rd3 {[%clk 1:22:00]} Kf6 {[%clk 1:06:31]} 34. f4 {[%clk 1:22:02]}
Rc5 {[%clk 1:04:55]} 35. fxe5+ {[%clk 1:22:16]} 1-0